000 00399nam a2200157Ia 4500
008 230711s9999||||xx |||||||||||||| ||und||
041 _aENG
082 _a720
_bCH-M
100 _aChatterjee,Enakshi
245 0 _aMasterminds ; profiles of eleven indian scientists
250 _a1st Ed.
260 _c1990
_aNew Delhi
_bOrient Longman Pvt.Ltd
300 _a98
650 _aLiterature
942 _cBK
999 _c3385
_d3385